000 00466nam a2200181Ia 4500
003 GCL
008 140319s9999 xx 000 0 eng d
040 _aGCL /
_cGCL
082 0 4 _a128.2
_bM M
100 1 _aMACDONALD, SYNTHIA
245 1 0 _aMIND - BODY IDENTITY YHEORIES /
_cMACDONALD, SYNTHIA
260 _a[S.N] :
_bROUTLEDGE ،
_c1989
300 _a255 P
650 0 4 _aIDENTITY
650 0 4 _aMIND AND BODY
650 0 4 _aPHILOSOPHY - THEORY
942 _2ddc
_cBK
999 _c20815
_d20815